Normal view
MARC view
- Dr. Zulfiquar Ahmed
Entry Personal Name
001 - CONTROL NUMBER
- control field: 5626
003 - CONTROL NUMBER IDENTIFIER
- control field: OSt
005 - DATE AND TIME OF LATEST TRANSACTION
- control field: 20231228035950.0
008 - FIXED-LENGTH DATA ELEMENTS
- fixed length control field: 231228|| aca||aabn | a|a d
040 ## - CATALOGING SOURCE
- Original cataloging agency: OSt
- Transcribing agency: OSt
100 ## - HEADING--PERSONAL NAME
- Personal name: Dr. Zulfiquar Ahmed
670 ## - SOURCE DATA FOUND
- Source citation: Work cat.: (OSt)6535: Ahmed, Zulfiquar 4555, A Textbook of The Bangladesh Labour Act 2006 : , c2012
